000 01953cam a22004934i 4500
003 PE-LiUPU
005 20250916180951.0
008 150623s r 000 0 d
020 _a0333966724
035 _a(Sirsi) i9780333966723
040 _aPE-LiUPU
_bspa
_cPE-LiUPU
_erda
049 _aPRUA
082 0 4 _a423
_bM167
_221
245 1 0 _aMacmillan English Dictionary :
_bfor advanced learners of american english /
_ceditado por la "Reference and Electronic Media Divsion of Bloomsbury Publishing Plc".
264 1 _aRadstock, United Kingdom :
_bBloomsburg Publishing,
_c2002.
300 _a1658 páginas :
_bilustraciones, gráficos ;
_c23 centímetros
300 _aCD
336 _atext
_2rdacontent
337 _aunmediated
_2rdamedia
338 _avolume
_2rdacarrier
504 _aIncluye referencias y apéndices.
505 0 _aColor illustrations: House. Kitchen. Office. Clothes and patterns. Higway and types of vehicle. Transpoetation. Car -- Language awareness: Nubers. Phrasal verbs. Academic english. .-College oposition. Metaphor -- Computer words -- Pragmatics -- Spoken discourse -- Sensitivity -- American and British English -- Business english -- Word formation -- Trees Plants. flower, Fruits, vegetables, animals, sports, gym and games.
526 _aSEG44
526 _aSEG26
526 _aP151
526 _aP150
526 _aP149
526 _aP146
526 _aP145
526 _aP126
526 _aP125
526 _aP92
526 _aP75
526 _aP74
526 _aP27
526 _aP15
650 1 4 _aInglés
_vDiccionarios.
650 2 4 _aInglés
_xEstudio y enseñanza
_xHablantes extranjeros
_xDiccionarios.
_96823
710 _aReference and Electronic Media Divsion of Bloomsbury Publishing Plc.
_eeditor.
_96824
942 _2ddc
_cBK
980 _818226
_gJaime Vilcazán Jefe de Análisis Documental
999 _c28907
_d28907